Исследование кислотнокатализируемого дезацетилирования перацетилированных гликопиранозидов; Химия и химическая технология в XXI веке

গ্রন্থ-পঞ্জীর বিবরন
Parent link:Химия и химическая технология в XXI веке.— 2019.— [С. 216-217]
সংস্থা লেখক: Национальный исследовательский Томский политехнический университет Исследовательская школа химических и биомедицинских технологий (ИШХБМТ)
অন্যান্য লেখক: Файсканова К. М. (научный руководитель), Степанова Е. В. Елена Владимировна, Насибуллин Р. Т., Валиев Р. Р.
সংক্ষিপ্ত:Заглавие с экрана
ভাষা:রুশ
প্রকাশিত: 2019
মালা:Химия и химическая технология органических веществ и материалов
বিষয়গুলি:
অনলাইন ব্যবহার করুন:http://earchive.tpu.ru/handle/11683/55468
বিন্যাস: MixedMaterials বৈদ্যুতিক গ্রন্থের অধ্যায়
KOHA link:https://koha.lib.tpu.ru/cgi-bin/koha/opac-detail.pl?biblionumber=629402

MARC

LEADER 00000naa2a2200000 4500
001 629402
005 20240208111125.0
035 |a (RuTPU)RU\TPU\conf\30012 
035 |a RU\TPU\conf\30009 
090 |a 629402 
100 |a 20190620d2019 k y0rusy50 ca 
101 0 |a rus 
102 |a RU 
105 |a y z 101zy 
135 |a drcn ---uucaa 
181 0 |a i  
182 0 |a b 
200 1 |a Исследование кислотнокатализируемого дезацетилирования перацетилированных гликопиранозидов  |f К. М. Файсканова [и др.]  |g науч. рук. Е. В. Степанова 
203 |a Текст  |c электронный 
225 1 |a Химия и химическая технология органических веществ и материалов 
300 |a Заглавие с экрана 
320 |a [Библиогр.: с. 217 (4 назв.)] 
463 0 |0 (RuTPU)RU\TPU\conf\29907  |t Химия и химическая технология в XXI веке  |o материалы XX Международной научно-практической конференции имени профессора Л. П. Кулёва студентов и молодых ученых, 20–23 мая 2019 г., г. Томск  |f Национальный исследовательский Томский политехнический университет  |v [С. 216-217]  |d 2019 
610 1 |a электронный ресурс 
610 1 |a труды учёных ТПУ 
610 1 |a дезацетилирование 
610 1 |a гликопиранозиды 
610 1 |a защитные группы 
610 1 |a растворители 
701 1 |a Файсканова  |b К. М. 
701 1 |a Степанова  |b Е. В.  |c химик  |c ведущий инженер Томского политехнического университета  |f 1978-  |g Елена Владимировна  |3 (RuTPU)RU\TPU\pers\29588  |9 22602 
701 1 |a Насибуллин  |b Р. Т. 
701 1 |a Валиев  |b Р. Р. 
702 1 |a Степанова  |b Е. В.  |c химик  |c инженер Томского политехнического университета, ассистент  |f 1978-  |g Елена Владимировна  |4 727 
712 0 2 |a Национальный исследовательский Томский политехнический университет  |b Исследовательская школа химических и биомедицинских технологий (ИШХБМТ)  |c (2017- )  |3 (RuTPU)RU\TPU\col\23537 
801 2 |a RU  |b 63413507  |c 20190807  |g RCR 
856 4 |u http://earchive.tpu.ru/handle/11683/55468 
942 |c BK